| 000 | 01382cam a2200313Ia 4500 | ||
|---|---|---|---|
| 001 | desertpalmoasis00corn | ||
| 003 | CaSfIA | ||
| 005 | 20210118001727.0 | ||
| 007 | cr|||| | ||
| 008 | 900515s1989 cauabo 000 0 eng d | ||
| 040 |
_aCPG _cCPG _dCSB _dOCLCQ _dCaSfIA |
||
| 020 |
_a0944197108 (pbk.) : _c$7.95 |
||
| 020 | _a9780944197103 (pbk.) | ||
| 035 | _a(OCoLC)21541603 | ||
| 043 | _an-us-ca | ||
| 050 | 4 |
_aQK495.P17 _bC676 1989 |
|
| 092 | 0 |
_a584.5 _220 |
|
| 100 | 1 | _aCornett, James W. | |
| 245 | 1 | 0 |
_aDesert palm oasis / _h[electronic resource] _ctext and photographs by James W. Cornett. |
| 260 |
_aPalm Springs, CA : _bPalm Springs Desert Museum, _c1989. |
||
| 300 |
_a47 p. : _bill. col. maps ; _c28 cm. |
||
| 650 | 0 |
_aPalms _zCoachella Valley (Calif.) |
|
| 610 | 2 | 0 |
_aPalm Springs Desert Museum _xHistory. |
| 856 | 4 | 1 |
_uhttp://www.archive.org/details/desertpalmoasis00corn _zFree eBook from the Internet Archive |
| 856 | 4 | 2 |
_uhttp://www.openlibrary.org/books/OL24205033M _zAdditional information and access via Open Library |
| 942 | _cEB | ||
| 506 | _fНеобхідна авторизація на https://archive.org/ (створення облікового запису безкоштовно) | ||
| 506 | _fНеобхідна авторизація на https://openlibrary.org/ (створення облікового запису безкоштовно) | ||
| 999 |
_c487901 _d487901 |
||